000 00452nam a2200181Ia 4500
001 12468
005 20260306162944.0
008 260306t2021||||xx |||||||||||||| ||spa||
041 _aESP
082 _aHR 346
_bENE 2021 GCP
110 _aGaceta Jurídica
245 0 _aGaceta civil & procesal civil :
_bregistral / notarial
260 _c2021
300 _a248 páginas :
_c25 cm.
650 _aGEN
654 _aCDE
942 _cREV
_dJUS
_fJUS
_2ddc
_n
999 _c12468
_d12468